Statistics for Capitals of Italian Regions

Click here to take the quiz!

General Stats

  • This quiz has been taken 23,190 times
  • The average score is 12 of 20

Answers on the Map

Answers color-coded by a green-red scale on the quiz's map according to % correct below.
 

Answer Stats

RegionPopulationCapital% Correct
Lazio2,856,133Rome
99%
Lombardy1,378,689Milan
96%
Veneto260,520Venice
94%
Campania959,188Naples
92%
Tuscany378,839Florence
90%
Piemont875,698Turin
85%
Sicily663,401Palermo
82%
Liguria578,000Genoa
77%
Emilia-Romagna390,636Bologna
66%
Apulia320,862Bari
63%
Friuli-Venezia Giulia204,267Trieste
59%
Sardinia154,267Cagliari
55%
Aosta Valley34,008Aosta
35%
Trentino-Alto Adige118,288Trento
35%
Marche101,043Ancona
29%
Umbria165,956Perugia
28%
Abruzzo69,478L'Aquila
23%
Calabria89,065Catanzaro
22%
Molise49,049Campobasso
20%
Basilicata66,769Potenza
20%

Score Distribution

Percentile by Number Answered

Percent of People with Each Score

Your Score History

You have not taken this quiz